| 000 | 00639nam a2200277Ia 4500 | ||
|---|---|---|---|
| 005 | 20260324125038.0 | ||
| 008 | 008 260324s9999 xx 000 0 eng d | ||
| 020 | _a9780203863251 | ||
| 037 | _aEBOOK | ||
| 040 | _aCRL | ||
| 040 | _beng | ||
| 040 | _cCRL | ||
| 041 | _2eng | ||
| 041 | _aeng | ||
| 084 | _qCRL | ||
| 100 |
_aDavid P. Levine _91176482 |
||
| 245 | 0 | _aObject Relations, Work and the Self | |
| 260 | _bTaylor and Francis | ||
| 260 | _c2009 | ||
| 365 | _a | ||
| 365 | _b160 | ||
| 856 | _uhttp://www.taylorfrancis.com/books/9780203863251 | ||
| 942 | _cEBOOK | ||
| 999 |
_c1771405 _d1771405 |
||